Blubber / (Record no. 4558)
[ view plain ]
| 000 -LEADER | |
|---|---|
| fixed length control field | 00855nam a22002897a 4500 |
| 001 - CONTROL NUMBER | |
| control field | 4558 |
| 003 - CONTROL NUMBER IDENTIFIER | |
| control field | FISKH |
| 005 - DATE AND TIME OF LATEST TRANSACTION | |
| control field | 20240916152134.0 |
| 008 - FIXED-LENGTH DATA ELEMENTS--GENERAL INFORMATION | |
| fixed length control field | 240916b cb ||||| |||| 00| 0 eng d |
| 020 ## - INTERNATIONAL STANDARD BOOK NUMBER | |
| International Standard Book Number | 9780440407072 |
| 040 ## - CATALOGING SOURCE | |
| Original cataloging agency | FISKH |
| Language of cataloging | eng |
| Transcribing agency | FISKH |
| Modifying agency | FISKH |
| 050 ## - LIBRARY OF CONGRESS CALL NUMBER | |
| Classification number | PZ7.B6265 |
| 082 ## - DEWEY DECIMAL CLASSIFICATION NUMBER | |
| Edition number | 823 |
| 100 ## - MAIN ENTRY--PERSONAL NAME | |
| Personal name | Blume, Judy |
| Dates associated with a name | 1938- |
| 245 ## - TITLE STATEMENT | |
| Title | Blubber / |
| Statement of responsibility, etc. | Judy Blume |
| 250 ## - EDITION STATEMENT | |
| Edition statement | 1986 |
| 260 ## - PUBLICATION, DISTRIBUTION, ETC. | |
| Place of publication, distribution, etc. | New York : |
| Name of publisher, distributor, etc. | A Yearling, |
| Date of publication, distribution, etc. | 1986. |
| 300 ## - PHYSICAL DESCRIPTION | |
| Extent | 156 pages : |
| Dimensions | 20cm |
| 505 ## - FORMATTED CONTENTS NOTE | |
| Formatted contents note | O<br/> |
| 520 ## - SUMMARY, ETC. | |
| Summary, etc. | Jill goes along with the rest of the fifth-grade class in tormenting a classmate and then finds out what it's like when she, too, becomes a target. |
| 521 8# - TARGET AUDIENCE NOTE | |
| Target audience note | 660L<br/> |
| Source | Lexile<br/> |
| 521 8# - TARGET AUDIENCE NOTE | |
| Target audience note | O<br/> |
| Source | Raz-Plus<br/> |
| 650 ## - SUBJECT ADDED ENTRY--TOPICAL TERM | |
| Source of heading or term | Young adult |
| Topical term or geographic name entry element | Realistic fiction |
| 650 ## - SUBJECT ADDED ENTRY--TOPICAL TERM | |
| Source of heading or term | Bullying |
| Topical term or geographic name entry element | Children's literature |
| 942 ## - ADDED ENTRY ELEMENTS (KOHA) | |
| Source of classification or shelving scheme | Dewey Decimal Classification |
| Koha item type | Books |
| Suppress in OPAC | No |
| Withdrawn status | Lost status | Source of classification or shelving scheme | Damaged status | Not for loan | Collection | Home library | Current library | Shelving location | Date acquired | Total Checkouts | Full call number | Barcode | Date last seen | Copy number | Price effective from | Koha item type |
|---|---|---|---|---|---|---|---|---|---|---|---|---|---|---|---|---|
| Dewey Decimal Classification | Fiction | Footprints International School Library Network Toul Kork Campus | Footprints International School Library Network Toul Kork Campus | TTP Primary Orange Bookshelves | 09/16/2024 | BLU 823 PZ7.B6265 | 2024-1972 | 09/16/2024 | 1 | 09/16/2024 | Books |
